000 00974nam a2200289Ia 4500
005 20220317001528.0
008 161108s2006 sp g 000 f s
020 _a9788481914313
100 1 _aCanetti, Elías
_d1905-1994
245 1 4 _aLas voces de Marrakesh
_cElias Canetti ; traducción y prólogo José Francisco Yvars
250 _a8a. edición
300 _a119 páginas
_c24 cm
490 _aNarrativa contemporánea
650 1 4 _2LEMB
_aNovela alemana
_ySiglo XX
650 1 4 _2LEMB
_aLiteratura alemana
_ySiglo XX
650 1 4 _2LEMB
_aViajes en la literatura
650 1 4 _2LEMB
_aRelatos de viajes en la literatura
650 1 4 _2LEMB
_aMuerte en la literatura
700 1 _aYvars, José Francisco
_975068
942 _2loc
_cBKLIT
264 _aValencia
_bPre-textos
_c[2006]
336 _atexto
_btxt
_2rdacontent
337 _asin mediación
_bn
_2rdamedia
338 _avolumen
_bnc
_2rdacarrier
040 _aCO-BoRNBP
_bspa
_erda
_cCO-BoRNBP
084 _aN CAN37
999 _c7256
_d7256